000 00853nam a2200253Ia 4500
003 OSt
005 20220916110922.0
006 a|||||r|||| 00| 0
007 ta
008 220915b |||||||| |||| 00| 0 hin d
024 _a42422
037 _cTextbook
040 _bhin
_aARTS
_cARTS
041 _ahin
082 _aO15:g, 152K2;L0-;1 (TTPS)
100 _aशास्त्री, हरिदत्त
245 0 _aसंस्कृत-काव्यकार
246 _aSanskṛuta-kāvyakāra
260 _aमेरठ
_bसाहित्य भण्डार भारत
_c1962
300 _a548पण्
_ccm.
650 _aहिन्दी साहित्य
942 _hO15:g, 152K2;L0-;1 (TTPS)
_cTB
_2CC
999 _c101357
_d101357